000 00967nam0a22003373i 4500
999 _c116891
_d116891
001 IT\ICCU\TO0\0571655
003 http://id.sbn.it/bid/TO00571655
005 20230411090817.0
007 ta
008 220901b1976 nju||||| |||| 00| 0 eng d
010 _a0806506695
010 _a0806507012
_bQuarta di copertina
020 _a0806506695
040 _bspa
_cBJBSDDR
041 _aeng
050 _bJ76 1976
100 1 _a Jones, Ken D.,
_924616
_d1930-2014
210 _aSecaucus, New Jersey
245 1 0 _aCharacter people /
_cKen D. Jones, Arthur F. McClure, Alfred E. Twomey
260 _a N.J.
_bCitadel Press, Secaucus
_c1976
300 _a209 p.:
_bill.;
_c29 cm
520 _aBrief profiles of 211 popular character actors and actresses
700 1 _aMcClure, Arthur F.,
_924617
_d1909-2000
700 1 _a Twomey, Alfred E.
_924618
899 _fP/G
899 _fP/G
899 _fP/G
899 _fP/G
899 _fP/G
942 _2lcc
_cBK